20 Biggest Cities in Oregon - Statistics

General Stats
  • This quiz has been taken 72 times
  • The average score is 12 of 20
Answer Stats
Hint Answer % Correct
622,882 Portland
100%
177,928 Salem
100%
178,056 Eugene
96%
106,184 Bend
86%
96,756 Beaverton
81%
84,760 Medford
75%
61,468 Corvallis
74%
109,423 Gresham
72%
107,976 Hillsboro
70%
57,178 Albany
58%
55,781 Tigard
54%
39,112 Grants Pass
49%
60,827 Springfield
47%
37,211 Oregon City
46%
39,622 Lake Oswego
44%
38,086 Redmond
44%
38,306 Keizer
42%
34,442 McMinnville
32%
30,051 Woodburn
16%
29,865 Happy Valley
12%
No matching quizzes found
Score Distribution
Percent of People with Each Score
Percentile by Number Answered
Your Score History
You have not taken this quiz